Expository sermons on Revelation / (Record no. 7268)
[ view plain ]
| 000 -LEADER | |
|---|---|
| fixed length control field | 00965cam a22003011a 4500 |
| 001 - CONTROL NUMBER | |
| control field | 3684469 |
| 003 - CONTROL NUMBER IDENTIFIER | |
| control field | OCoLC |
| 005 - DATE AND TIME OF LATEST TRANSACTION | |
| control field | 20190328175410.0 |
| 008 - FIXED-LENGTH DATA ELEMENTS--GENERAL INFORMATION | |
| fixed length control field | 780302m19621966miu 000 0 eng |
| 010 ## - LIBRARY OF CONGRESS CONTROL NUMBER | |
| LC control number | 63001760 |
| 035 ## - SYSTEM CONTROL NUMBER | |
| System control number | (OCoLC)3684469 |
| 040 ## - CATALOGING SOURCE | |
| Original cataloging agency | DLC |
| Language of cataloging | eng |
| Transcribing agency | TXS |
| Modifying agency | DLC |
| -- | OCLCQ |
| -- | BTCTA |
| -- | OCLCG |
| -- | OCLCA |
| -- | OCLCQ |
| -- | OCLCO |
| -- | OCLCF |
| -- | OCLCO |
| -- | CIRBC |
| 050 00 - LIBRARY OF CONGRESS CALL NUMBER | |
| Classification number | BS2825.4 |
| Item number | .C7 |
| 082 0# - DEWEY DECIMAL CLASSIFICATION NUMBER | |
| Classification number | REF 228 |
| Item number | C933E |
| 092 0# - LOCALLY ASSIGNED DEWEY CALL NUMBER (OCLC) | |
| Classification number | 228.06 |
| Item number | C933e |
| 100 1# - MAIN ENTRY--PERSONAL NAME | |
| Personal name | Criswell, W. A. |
| Fuller form of name | (Wallie A.), |
| Dates associated with a name | 1909-2002. |
| 245 10 - TITLE STATEMENT | |
| Title | Expository sermons on Revelation / |
| Statement of responsibility, etc. | by W.A. Criswell. |
| 260 ## - PUBLICATION, DISTRIBUTION, ETC. | |
| Place of publication, distribution, etc. | Grand Rapids : |
| Name of publisher, distributor, etc. | Zondervan, |
| Date of publication, distribution, etc. | ©1962-©1966. |
| 300 ## - PHYSICAL DESCRIPTION | |
| Extent | 5 volumes ; |
| Dimensions | 21 cm |
| 336 ## - CONTENT TYPE | |
| Content type term | text |
| Content type code | txt |
| Source | rdacontent |
| 337 ## - MEDIA TYPE | |
| Media type term | unmediated |
| Media type code | n |
| Source | rdamedia |
| 338 ## - CARRIER TYPE | |
| Carrier type term | volume |
| Carrier type code | nc |
| Source | rdacarrier |
| 630 00 - SUBJECT ADDED ENTRY--UNIFORM TITLE | |
| Uniform title | Bible. |
| Name of part/section of a work | Revelation |
| Form subdivision | Sermons. |
| 650 #0 - SUBJECT ADDED ENTRY--TOPICAL TERM | |
| Topical term or geographic name entry element | Baptists |
| Form subdivision | Sermons. |
| 650 #0 - SUBJECT ADDED ENTRY--TOPICAL TERM | |
| Topical term or geographic name entry element | Sermons, American |
| Chronological subdivision | 20th century. |
| 655 #7 - INDEX TERM--GENRE/FORM | |
| Genre/form data or focus term | Sermons. |
| Source of term | fast |
| Authority record control number or standard number | (OCoLC)fst01423904 |
| 942 ## - ADDED ENTRY ELEMENTS (KOHA) | |
| Source of classification or shelving scheme | Dewey Decimal Classification |
| Koha item type | Reference |
| Withdrawn status | Lost status | Source of classification or shelving scheme | Damaged status | Not for loan | Collection code | Home library | Current library | Shelving location | Date acquired | Cost, normal purchase price | Serial Enumeration / chronology | Total Checkouts | Full call number | Barcode | Date last seen | Price effective from | Koha item type |
|---|---|---|---|---|---|---|---|---|---|---|---|---|---|---|---|---|---|
| Dewey Decimal Classification | Not For Loan | Reference | Harvest Mission College | Harvest Mission College | Reference | 05.02.2019 | 3650.00 | Rev:1:1-19; 2 and 3 ; 4-10 ; 11-17 ; 18-22 / 5 Vol. | REF 228 C933E | 008227 | 05.02.2019 | 05.02.2019 | Reference | ||||
| Dewey Decimal Classification | Not For Loan | Reference | Harvest Mission College | Harvest Mission College | Reference | 05.02.2019 | 3650.00 | Rev:1:1-19; 2 and 3 ; 4-10 ; 11-17 ; 18-22 / 5 Vol. | REF 228 C933E | 008223 | 28.03.2019 | 05.02.2019 | Reference | ||||
| Dewey Decimal Classification | Not For Loan | Reference | Harvest Mission College | Harvest Mission College | Reference | 05.02.2019 | 3650.00 | Rev:1:1-19; 2 and 3 ; 4-10 ; 11-17 ; 18-22 / 5 Vol. | REF 228 C933E | 008224 | 28.03.2019 | 05.02.2019 | Reference | ||||
| Dewey Decimal Classification | Not For Loan | Reference | Harvest Mission College | Harvest Mission College | Reference | 05.02.2019 | 3650.00 | Rev:1:1-19; 2 and 3 ; 4-10 ; 11-17 ; 18-22 / 5 Vol. | REF 228 C933E | 008225 | 28.03.2019 | 05.02.2019 | Reference | ||||
| Dewey Decimal Classification | Not For Loan | Reference | Harvest Mission College | Harvest Mission College | Reference | 05.02.2019 | 3650.00 | Rev:1:1-19; 2 and 3 ; 4-10 ; 11-17 ; 18-22 / 5 Vol. | REF 228 C933E | 008226 | 28.03.2019 | 05.02.2019 | Reference |
